The Middle Ages / (Record no. 305507)
[ view plain ]
| 000 -LEADER | |
|---|---|
| fixed length control field | 00664nam a2200265Ia 4500 |
| 008 - FIXED-LENGTH DATA ELEMENTS--GENERAL INFORMATION | |
| fixed length control field | 170203s9999 xx 000 0 und d |
| 020 ## - INTERNATIONAL STANDARD BOOK NUMBER | |
| International Standard Book Number | 1844433757 |
| 050 ## - LIBRARY OF CONGRESS CALL NUMBER | |
| Classification number | 709.02 |
| 050 ## - LIBRARY OF CONGRESS CALL NUMBER | |
| Item number | .M135h 2005 |
| 100 ## - MAIN ENTRY--PERSONAL NAME | |
| Personal name | Macdonald, Fiona, 1958- |
| 245 #4 - TITLE STATEMENT | |
| Title | The Middle Ages / |
| 245 ## - TITLE STATEMENT | |
| Statement of responsibility, etc | Fiona Macdonald. |
| 260 ## - PUBLICATION, DISTRIBUTION, ETC. (IMPRINT) | |
| Place of publication, distribution, etc | Chicago, Ill. : |
| 260 ## - PUBLICATION, DISTRIBUTION, ETC. (IMPRINT) | |
| Name of publisher, distributor, etc | Raintree, |
| 260 ## - PUBLICATION, DISTRIBUTION, ETC. (IMPRINT) | |
| Date of publication, distribution, etc | 2005 |
| 300 ## - PHYSICAL DESCRIPTION | |
| Extent | 48 p. : |
| 300 ## - PHYSICAL DESCRIPTION | |
| Other physical details | col. ill. ; |
| 300 ## - PHYSICAL DESCRIPTION | |
| Dimensions | 28 cm. |
| 440 ## - SERIES STATEMENT/ADDED ENTRY--TITLE | |
| Title | History in art. |
| 500 ## - GENERAL NOTE | |
| General note | Includes index. |
| 650 ## - SUBJECT ADDED ENTRY--TOPICAL TERM | |
| Topical term or geographic name as entry element | Art, Medieval-- |
| 650 ## - SUBJECT ADDED ENTRY--TOPICAL TERM | |
| Topical term or geographic name as entry element | Civilization, Medieval-- |
| 650 ## - SUBJECT ADDED ENTRY--TOPICAL TERM | |
| General subdivision | Juvenile literature. |
| 650 ## - SUBJECT ADDED ENTRY--TOPICAL TERM | |
| General subdivision | Juvenile literature. |
| Withdrawn status | Lost status | Damaged status | Home library | Current library | Shelving location | Date acquired | Total Checkouts | Full call number | Barcode | Date last seen | Price effective from | Koha item type |
|---|---|---|---|---|---|---|---|---|---|---|---|---|
| Stonyhurst Southville International School (Batangas) | Stonyhurst Southville International School (Batangas) | 02/03/2017 | 709.02 .M135h 2005 | US-0590 | 02/03/2017 | 02/03/2017 | Books |